Robustné riadenie zásobníkov kvapaliny
Na minha lista:
| Autor principal: | |
|---|---|
| Outros Autores: | |
| Formato: | Manuscrito Livro |
| Idioma: | eslovaco |
| Assuntos: | |
| Acesso em linha: | http://is.stuba.sk/zp/portal_zp.pl?podrobnosti=102296 |
| Tags: |
Sem tags, seja o primeiro a adicionar uma tag!
|
MARC
| LEADER | 00000ntm a22000003a 4500 | ||
|---|---|---|---|
| 001 | stuzp46958 | ||
| 003 | SK-STU | ||
| 005 | 20160229160115.0 | ||
| 007 | ta | ||
| 008 | 150427s2015----xo-----f-mn---000-0-slo-d | ||
| 040 | |a STU |b slo | ||
| 041 | 0 | |a slo | |
| 100 | 1 | |a Némethová, Timea |u 047000 |4 aut |U FCHPT Fakulta chemickej a potravinárskej technológie |T FCHPT Ústav informatizácie, automatizácie a matematiky |X 68704 |U C7000 |Y 105 |7 68704 | |
| 242 | 0 | 1 | |a Robust control of liquid tanks |y eng |
| 245 | 1 | 0 | |a Robustné riadenie zásobníkov kvapaliny |
| 650 | 4 | |a Hinf syntéza |2 slo | |
| 650 | 4 | |a PI regulátor |2 slo | |
| 650 | 4 | |a robustnosť |2 slo | |
| 650 | 4 | |a PID regulátor |2 slo | |
| 650 | 4 | |a H2 syntéza |2 slo | |
| 650 | 4 | |a PI controller |2 eng | |
| 650 | 4 | |a H2 synthesis |2 eng | |
| 650 | 4 | |a Hinf synthesis |2 eng | |
| 650 | 4 | |a robustness |2 eng | |
| 650 | 4 | |a PID controller; |2 eng | |
| 700 | 1 | |a Vasičkaninová, Anna, |d 1960- |4 ths |X 3330 |7 A000003330 | |
| 856 | 4 | |u http://is.stuba.sk/zp/portal_zp.pl?podrobnosti=102296 | |
| SQL | |a stuzp46958 |b DBP |c SLO |d Robustné riadenie zásobníkov kvapaliny |e 68704 |f Némethová, Timea |g 047000 |h 3330 |i Vasičkaninová, Anna |j 20140715 |k 104 |l 04 |m http://is.stuba.sk/zp/portal_zp.pl?podrobnosti=102296 | ||